Visualizzazione normale
Vista MARC
- Conte, Pietro,
di Personal Name
Records bibliografici associati: 2
001 - CONTROL NUMBER
- control field: 51572
003 - CONTROL NUMBER IDENTIFIER
- control field: IT-RoINE
005 - DATE AND TIME OF LATEST TRANSACTION
- control field: 20180711094127.0
008 - FIXED-LENGTH DATA ELEMENTS
- fixed length control field: 180711|| aca||aabn | a|a d
040 ## - CATALOGING SOURCE
- Original cataloging agency: IT-RoINE
- Transcribing agency: IT-RoINE
100 ## - HEADING--PERSONAL NAME
- Personal name: Conte, Pietro,
- Dates associated with a name: 1931-
670 ## - SOURCE DATA FOUND
- Source citation: Work cat.: (IT-RoINE)0: Conte, Pietro, 1931-, Regesto delle lettere dei papi del secolo VIII /, 1984.